300 Word Method German - Stage 2 - Statistics

General Stats
  • This quiz has been taken 9 times
  • The average score is 87 of 300
Answer Stats
English German % Correct
but aber
100%
he er
100%
for für
100%
have haben
100%
you/they/she sie
100%
word Wort
100%
other andere
75%
on auf
75%
from/off/out aus
75%
that dass
75%
this dies
75%
by/through durch
75%
one/a/an ein
75%
it es
75%
had hatte
75%
hot heiß
75%
I ich
75%
in in
75%
is ist
75%
with mit
75%
or oder
75%
be sein
75%
his seine
75%
are sind
75%
do tun
75%
and und
75%
of von
75%
was war
75%
were waren
75%
what was
75%
as/how/like wie
75%
we wir
75%
to/too zu
75%
also auch
50%
at bei
50%
spell buchstabieren
50%
three drei
50%
some einige
50%
end ende
50%
follow folgen
50%
ask fragen
50%
went ging
50%
big/large groß
50%
well gut
50%
port hafen
50%
here hier
50%
add hinzufügen
50%
high hoch
50%
each/any/everyone jeder
50%
small klein
50%
can/may können
50%
land lande
50%
read lesen
50%
light licht
50%
air luft
50%
men männer
50%
must muss
50%
tell/say sagen
50%
said sagte
50%
set/sentence satz
50%
so so
50%
play spielen
50%
does tut
50%
why warum
50%
if/when wenn
50%
will werden
50%
want wollen
50%
time zeit
50%
at home zuhause
50%
act akt
25%
all alle
25%
than als
25%
old alt
25%
most am meisten
25%
call anruf
25%
answer antwort
25%
quantity anzahl
25%
work arbeit
25%
kind art
25%
eye auge
25%
car auto
25%
base basis
25%
build bauen
25%
tree baum
25%
mean bedeuten
25%
began begann
25%
begin beginn
25%
both beide
25%
example beispiel
25%
mountain berg
25%
own besitzen
25%
picture bild
25%
until bis
25%
letter brief
25%
book buch
25%
there da
25%
then dann
25%
think denken
25%
the/which/who die
25%
these diese
25%
even eben
25%
once einmal
25%
earth erde
25%
receive erhalten
25%
first erste
25%
food/eat essen
25%
color farbe
25%
find finden
25%
fish fisch
25%
river fluss
25%
form formular
25%
friend freund
25%
feet fûße
25%
give geben
25%
thought gedanken
25%
found gefunden
25%
walk gehen
25%
made gemacht
25%
face gesicht
25%
been gewesen
25%
same gleich
25%
group gruppe
25%
keep halten
25%
has hat
25%
main haupt
25%
house haus
25%
help hilfe
25%
wood holz
25%
hear hören
25%
hundred hundert
25%
idea idee
25%
him ihm
25%
their/your ihre
25%
always immer
25%
near in der Nähe von
25%
year jahr
25%
boy junge
25%
came kam
25%
children kinder
25%
sound klingen
25%
come kommen
25%
could könnte
25%
head kopf
25%
country land
25%
long lange
25%
let lassen
25%
run laufen
25%
live leben
25%
learn lernen
25%
line linie
25%
left links
25%
make machen
25%
might macht
25%
man mann
25%
mark marke
25%
sea meer
25%
more mehr
25%
mile meile
25%
my meine
25%
people menschen
25%
me mir
25%
music musik
25%
need müssen
25%
mother mutter
25%
after nach
25%
upward nach oben
25%
next nächste
25%
night nacht
25%
took nahm
25%
name name
25%
take nehmen
25%
new neu
25%
no nicht
25%
never nie
25%
low niedrig
25%
only/just nur
25%
often oft
25%
place/location ort
25%
paper papier
25%
horse pferd
25%
press presse
25%
point/dot punkt
25%
real realen
25%
right recht
25%
return rück
25%
round runde
25%
thing sache
25%
saw säge
25%
cut schnitt
25%
write schreiben
25%
school schule
25%
hard schwer
25%
see sehen
25%
very sehr
25%
side/page seite
25%
hands seits
25%
self selbst
25%
put setzen
25%
sun sonne
25%
city stadt
25%
start start
25%
stand stehen
25%
stop stopp
25%
study studie
25%
look suchen
25%
day tag
25%
did tat
25%
part teil
25%
animal tier
25%
carry tragen
25%
about/over über
25%
usual üblich
25%
move umzug
25%
us uns
25%
our unsere
25%
under unter
25%
don't unterlassen sie
25%
cause ursache
25%
father vater
25%
change veränderung
25%
try versuchen
25%
much viel
25%
four vier
25%
before vor
25%
while während
25%
water wasser
25%
way weg
25%
white weiß
25%
far weit
25%
world welt
25%
little/few wenig
25%
again wieder
25%
in turn wiederum
25%
know wissen
25%
where wo
25%
would würde
25%
room zimmer
25%
together zusammen
25%
status zustand
25%
two zwei
25%
cover abdeckung
0%
differ abweichen
0%
attachment anlage
0%
soon bald
0%
farm bauernhof
0%
got bekam
0%
watch beobachten
0%
ready bereit
0%
letter buchstabe
0%
those diejenigen
0%
direct direkt
0%
plain ebene
0%
ease/facilitate erleichtern
0%
family familie
0%
question frage
0%
feel fühlen
0%
enough genug
0%
open geöffnet
0%
story geschichte
0%
dog hund
0%
ever je
0%
now jetzt
0%
young jung
0%
class klasse
0%
body körper
0%
short kurz
0%
last letzte
0%
song lied
0%
list liste
0%
girl mädchen
0%
measure messen
0%
downward nach unten
0%
still noch
0%
north norden
0%
above oben
0%
though obwohl
0%
care pflege
0%
pose pose
0%
product produkt
0%
red rot
0%
seem scheinen
0%
close schließen
0%
black schwarz
0%
sure sicher
0%
should sollte
0%
late spät
0%
door tür
0%
cross überqueren
0%
leave verlassen
0%
use verwendung
0%
bird vogel
0%
lecture vortrag
0%
grow wachsen
0%
wind wind
0%
science wissenschat
0%
numeral zahl
0%
show zeigen
0%
draw ziehen
0%
second zweite
0%
between zwischen
0%
No matching quizzes found
Score Distribution
Percent of People with Each Score
Percentile by Number Answered
Your Score History
You have not taken this quiz